00677cam a22002291 4500001001300000003000400013005001700017008004100034010002300075025001900098043001200117050002100129082001800150110005400168245002700222250001400249260009800263300003400361350001100395610002400406999001700430sa 68001124 DLC20260227112430.0710903s1967 ii ac 00010 eng  asa 68001124 //r842 aPL480:I-E-8459 aa-ii---0 aJQ256b.A55 1967 a328.54/002/0210aIndia.bMinistry of Information and Broadcasting.14aThe Indian Parliament. a[Rev. ed.0 aDelhi]bPublications Division, Ministry of Information & Broadcasting, Govt. of Indiac[1967] a68 p.billus., ports.c22 cm. aRs1.2510aIndia.bParliament. c77721d77721